|
|
|
|
| LEADER |
00000nab a2200000 a 4500 |
| 001 |
vtls000709575 |
| 003 |
SK-MaSNL |
| 005 |
20260304105149.0 |
| 008 |
250429c1999 xo 0 slo |
| 015 |
|
|
|a SNBRB2000/01-00065
|
| 035 |
|
|
|a CLN000061742
|
| 035 |
|
|
|a urn:nbn:sk:snk-abjd4
|
| 035 |
|
|
|a (urnnbn)urn:nbn:sk:snk:ar-a05a0l
|
| 035 |
|
|
|a (uuid)b2f02329-d512-43cb-8222-f06f2ddb8014
|
| 040 |
|
|
|a SNKBUCL
|b slo
|c SNKBUCL
|e AACR2
|
| 041 |
0 |
|
|a slo
|
| 044 |
|
|
|a xo
|c SK
|
| 080 |
|
|
|a 616.31-089:061.3
|2 1997
|
| 080 |
|
|
|a 616.216.1-089
|2 1997
|
| 080 |
|
|
|a 616.216.2-089
|2 1997
|
| 100 |
1 |
|
|a Stanko, Peter,
|d 1954-
|4 aut
|9 196740
|
| 245 |
1 |
0 |
|a 3. Dunajské medzinárodné sympózium v oromaxillofaciálnej chirurgii
|c P. Stanko, D. Poruban
|
| 611 |
2 |
7 |
|a Dunajské medzinárodné sympózium v oromaxillofaciálnej chirurgii
|n (3. :
|d 1999 :
|c Hevíz, Maďarsko)
|2 snkbucl
|9 1406168
|
| 650 |
0 |
7 |
|a chirurgia oromaxilofaciálna
|2 snkbucl
|9 1406169
|
| 655 |
|
7 |
|a články z novín a časopisov
|2 snkbucl
|9 267496
|
| 700 |
1 |
|
|a Poruban, Dušan,
|d 1953-
|4 aut
|9 232160
|
| 773 |
0 |
|
|t Choroby hlavy a krku
|g Roč. 7, č. 3/4 (1999), s. 44
|x 1210-0447
|
| 850 |
|
|
|a Slovenská národná knižnica
|
| 852 |
|
|
|a Slovenská národná knižnica
|
| 954 |
|
|
|a odborná, vedecká literatúra pôvodná (slovenská)
|2 lita
|
| 958 |
|
|
|a article27
|
| 958 |
|
|
|a MI
|
| 958 |
|
|
|a OND
|
| 958 |
|
|
|a EUIPO
|
| 992 |
|
|
|a RBX
|
| 999 |
|
|
|c 2854503
|d 2856433
|